[Event "LEM Nachwuchs M-V u10 08.-12.02.2020"]
[Site "Aula Fleesenseeschule Malch"]
[Date "2020.02.09"]
[Round "3.2"]
[White "Stepanjan, Tatevik Mia"]
[Black "Gavrylyuk, Oleksandr"]
[Result "1/2-1/2"]
[WhiteElo "1110"]
[BlackElo "779"]
[PlyCount "177"]
[EventDate "2020.02.11"]
[WhiteTeam "ESV Wittenberge"]
[BlackTeam "TuS Makkabi Rostock"]

1. e4 c5 2. Nf3 e6 3. d4 cxd4 4. Nxd4 a6 5. Nc3 Nc6 6. Nf3 Qc7 7. Bg5 h6 8. Bh4
d6 9. Bc4 Be7 10. Bg3 Nf6 11. O-O O-O 12. Re1 b5 13. Bb3 Bb7 14. e5 dxe5 15.
Nxe5 Nxe5 16. Bxe5 Qc6 17. f3 Ng4 18. Qe2 Nxe5 19. Qxe5 Bc5+ 20. Kf1 a5 21. a4
b4 22. Ne2 Rad8 23. Rad1 Bd6 24. Qh5 Qc5 25. Qxc5 Bxc5 26. c3 Ba6 27. cxb4 Bxb4
28. Rxd8 Rxd8 29. Rd1 Rxd1+ 30. Bxd1 Bxe2+ 31. Kxe2 Bd6 32. h3 Be5 33. b3 Kh8
34. Kd3 g5 35. Kc4 f5 36. Kb5 Bc7 37. b4 axb4 38. Kxb4 Bg3 39. a5 Bf2 40. a6 h5
41. Kc3 g4 42. hxg4 Be1+ 43. Kd3 Bf2 44. gxh5 e5 45. g4 fxg4 46. fxg4 Kg7 47.
g5 Kh7 48. g6+ Kh6 49. Ke4 Bd4 50. Bb3 Kg7 51. a7 Bxa7 52. Kxe5 Bb8+ 53. Ke6
Ba7 54. Ke7 Bd4 55. Ke6 Kh6 56. Bd1 Kg5 57. Kf7 Kh6 58. Kf8 Bc5+ 59. Kg8 Ba3
60. Kh8 Bb2+ 61. Kg8 Ba3 62. Kf7 Bb2 63. Bf3 Bf6 64. Be4 Bb2 65. Bf3 Bf6 66.
Be4 Bh8 67. Kg8 Ba1 68. Kf8 Kxh5 69. Kf7 Kg5 70. Ke6 Bf6 71. Bf5 Ba1 72. Bb1
Kh6 73. Kd5 Kg7 74. Kc4 Bf6 75. Kd5 Ba1 76. Kc6 Bf6 77. Kc5 Be7+ 78. Kd5 Bf6
79. Ke6 Bb2 80. Bf5 Bf6 81. Kd7 Kh6 82. Ke6 Kg5 83. Bg4 Ba1 84. Bf5 Bg7 85. Kf7
Ba1 86. Bd3 Bf6 87. Be2 Bb2 88. g7 Bxg7 89. Kxg7 1/2-1/2

[Event "LEM Nachwuchs M-V u10 08.-12.02.2020"]
[Site "Aula Fleesenseeschule Malch"]
[Date "2020.02.10"]
[Round "4.1"]
[White "Herrmann, Jakob"]
[Black "Stepanjan, Tatevik Mia"]
[Result "1-0"]
[WhiteElo "1453"]
[BlackElo "1110"]
[PlyCount "59"]
[EventDate "2020.02.11"]
[WhiteTeam "SAV Torgelow"]
[BlackTeam "ESV Wittenberge"]

1. e4 e5 2. Nf3 Nc6 3. d4 d6 4. Bb5 a6 5. Bxc6+ bxc6 6. dxe5 Bg4 7. Bf4 Be7 8.
Nc3 f6 9. exf6 Nxf6 10. h3 Bh5 11. e5 Ng8 12. O-O d5 13. Qd3 Bc5 14. Na4 Ba7
15. Nd4 Bxd4 16. Qxd4 a5 17. Rfe1 Rb8 18. Nc5 Rb4 19. Qd2 Qh4 20. Nd3 Ra4 21.
b3 Re4 22. Rxe4 dxe4 23. Bg5 e3 24. Qxe3 Bd1 25. Bxh4 Bxc2 26. Qg5 Nf6 27. Qxg7
Rf8 28. Bxf6 Rf7 29. Qg8+ Kd7 30. Nc5# 1-0

[Event "LEM Nachwuchs M-V u10 08.-12.02.2020"]
[Site "Aula Fleesenseeschule Malch"]
[Date "2020.02.10"]
[Round "4.2"]
[White "Gavrylyuk, Oleksandr"]
[Black "Eschrig, Immanuel"]
[Result "1-0"]
[WhiteElo "779"]
[BlackElo "886"]
[PlyCount "71"]
[EventDate "2020.02.11"]
[WhiteTeam "TuS Makkabi Rostock"]
[BlackTeam "Greifswalder SV"]

1. d4 d5 2. Nf3 Nf6 3. Bf4 c5 4. e3 Nc6 5. c3 Qb6 6. b3 Ne4 7. Bd3 c4 8. Bxe4
dxe4 9. Ne5 Nxe5 10. Bxe5 e6 11. bxc4 Qb2 12. Nd2 Qxc3 13. Qa4+ Bd7 14. Qd1 f6
15. Bg3 Ba3 16. O-O Bb2 17. Rb1 f5 18. Qb3 Qxb3 19. Nxb3 Ba3 20. Nc5 Bxc5 21.
dxc5 b6 22. cxb6 axb6 23. Rxb6 Rxa2 24. Rb8+ Kf7 25. Rxh8 Kg6 26. h3 h6 27. Be5
Kf7 28. Ra1 Rxa1+ 29. Bxa1 Be8 30. Rh7 Kg6 31. Rxg7+ Kh5 32. g4+ fxg4 33. hxg4+
Kh4 34. Kh2 e5 35. Bxe5 Bh5 36. Bf6# 1-0

[Event "LEM Nachwuchs M-V u10 08.-12.02.2020"]
[Site "Aula Fleesenseeschule Malch"]
[Date "2020.02.10"]
[Round "4.5"]
[White "König, Mio"]
[Black "Zieske, Johannes"]
[Result "0-1"]
[WhiteElo "852"]
[BlackElo "822"]
[PlyCount "53"]
[EventDate "2020.02.11"]
[WhiteTeam "SG Neubrandenburg"]
[BlackTeam "ASV Wismar"]

1. d4 d5 2. c4 dxc4 3. e4 Nc6 4. Nf3 Bg4 5. Bxc4 Nf6 6. Nc3 e6 7. d5 Na5 8. Qd4
Nd7 9. a3 Bc5 10. Qxg7 Rf8 11. Ng5 Nxc4 12. dxe6 fxe6 13. Nxe6 Bxe6 14. Bg5
Bxf2+ 15. Kf1 Bd4+ 16. Ke2 Bxg7 17. Bxd8 Kxd8 18. Rhf1 Rxf1 19. Rxf1 Nxb2 20.
Rf4 Bxc3 21. g4 c6 22. g5 Kc7 23. h4 Bc4+ 24. Kf3 Rf8 25. Kg4 Be2+ 26. Kg3 Be1+
27. Kg2 0-1

[Event "LEM Nachwuchs M-V u10 08.-12.02.2020"]
[Site "Aula Fleesenseeschule Malch"]
[Date "2020.02.10"]
[Round "4.7"]
[White "Wilke, Ronja"]
[Black "Wetzig, Karl Anton"]
[Result "1-0"]
[WhiteElo "729"]
[BlackElo "792"]
[PlyCount "117"]
[EventDate "2020.02.11"]
[WhiteTeam "SAV Torgelow"]
[BlackTeam "SF Schwerin"]

1. e4 e5 2. Nf3 f6 3. Nc3 Bb4 4. Bc4 a6 5. a3 Ba5 6. b4 Bb6 7. d3 Nc6 8. Be3
Nh6 9. O-O Ng4 10. Bd2 Qe7 11. Nd5 Qf8 12. Nxb6 cxb6 13. Nh4 g5 14. Nf3 Qh6 15.
b5 Nd4 16. Re1 Nxf3+ 17. Qxf3 Qh5 18. h3 d6 19. hxg4 Bxg4 20. Qg3 O-O-O 21. f3
Bd7 22. a4 f5 23. Qh2 Qg6 24. bxa6 bxa6 25. Bxa6+ Kb8 26. a5 Ka7 27. axb6+ Kxb6
28. Be3+ Kc7 29. Reb1 f4 30. Rb3 Be6 31. Rc3+ Kd7 32. Bb5+ Ke7 33. Ra7+ Kf6 34.
Bb6 Rb8 35. Bc7 Rxb5 36. Kf2 g4 37. Bxd6 g3+ 38. Qxg3 fxg3+ 39. Ke2 Rd8 40.
Be7+ Kf7 41. Bxd8+ Ke8 42. Rcc7 Rb8 43. Re7+ Kxd8 44. Rxh7 Bg8 45. Rh8 Qg5 46.
Rh3 Kc8 47. Rh8 Rb7 48. Ra5 Kc7 49. Ra8 Rb2 50. Kd1 Qe3 51. Rhxg8 Qf2 52. Rg7+
Kc6 53. Rc8+ Kb6 54. Rb8+ Kc5 55. Rxb2 Qxg2 56. Rb8 Qxf3+ 57. Kd2 g2 58. Rc8+
Kd4 59. Rd7# 1-0

[Event "LEM Nachwuchs M-V u10 08.-12.02.2020"]
[Site "Aula Fleesenseeschule Malch"]
[Date "2020.02.11"]
[Round "5.1"]
[White "Gavrylyuk, Oleksandr"]
[Black "Herrmann, Jakob"]
[Result "0-1"]
[WhiteElo "779"]
[BlackElo "1453"]
[PlyCount "74"]
[EventDate "2020.02.11"]
[WhiteTeam "TuS Makkabi Rostock"]
[BlackTeam "SAV Torgelow"]

1. d4 Nf6 2. Bf4 g6 3. Nf3 Bg7 4. e3 O-O 5. c3 d6 6. Bd3 Nbd7 7. Nbd2 Qe8 8. h3
e5 9. dxe5 dxe5 10. Nxe5 Nxe5 11. Bxe5 Qxe5 12. Nf3 Qe7 13. O-O b6 14. b4 Bb7
15. a4 Nd5 16. Qb3 Nxc3 17. Rac1 Nd5 18. Rc4 Rad8 19. Be4 f5 20. Bc2 Rfe8 21.
Rd1 Kh8 22. h4 Nf6 23. Rd3 Bd5 24. Rdc3 Ne4 25. Rd3 Bxc4 26. Qxc4 Rxd3 27. Bxd3
Rd8 28. b5 Nc5 29. Bc2 Qe6 30. Qxe6 Nxe6 31. Bb3 Nc5 32. Ng5 Rd2 33. Nf7+ Kg8
34. Ng5+ Nxb3 35. Ne6 Ra2 36. Nxc7 Be5 37. Ne6 Ra1# 0-1

[Event "LEM Nachwuchs M-V u10 08.-12.02.2020"]
[Site "Aula Fleesenseeschule Malch"]
[Date "2020.02.11"]
[Round "5.5"]
[White "Weinert, Karl"]
[Black "Quade, Felicia"]
[Result "1-0"]
[WhiteElo "889"]
[BlackElo "772"]
[PlyCount "67"]
[EventDate "2020.02.11"]
[WhiteTeam "HSG Stralsund"]
[BlackTeam "SF Schwerin"]

1. Nf3 Nc6 2. e4 e5 3. Nc3 Nf6 4. Bc4 Bb4 5. O-O Bxc3 6. dxc3 d6 7. Bg5 Bg4 8.
h3 Bh5 9. Qd3 h6 10. Bh4 O-O 11. Nh2 a6 12. Rae1 Bg6 13. Qg3 Kh7 14. Nf3 Qe7
15. Bg5 Na5 16. Bb3 Nxb3 17. cxb3 Rae8 18. Re3 Qe6 19. Qh4 Qe7 20. Nh2 Kg8 21.
Ng4 Qd8 22. Rf3 Bxe4 23. Re3 Bg6 24. Rf3 Be4 25. Re3 Bg6 26. Re2 Bd3 27. Nxh6+
Kh7 28. Ng4+ Kg8 29. Re3 Bxf1 30. Kxf1 Qe7 31. Rf3 Qe6 32. Nxf6+ gxf6 33. Bxf6
e4 34. Qh8# 1-0

[Event "LEM Nachwuchs M-V u10 08.-12.02.2020"]
[Site "Aula Fleesenseeschule Malch"]
[Date "2020.02.11"]
[Round "5.6"]
[White "Eschrig, Immanuel"]
[Black "Wilke, Ronja"]
[Result "1-0"]
[WhiteElo "886"]
[BlackElo "729"]
[PlyCount "133"]
[EventDate "2020.02.11"]
[WhiteTeam "Greifswalder SV"]
[BlackTeam "SAV Torgelow"]

1. e4 e5 2. Nf3 Nc6 3. Nc3 Nf6 4. Bb5 Bc5 5. Nxe5 Bxf2+ 6. Kxf2 Nxe5 7. d4
Neg4+ 8. Ke1 O-O 9. Bg5 d6 10. Qe2 Bd7 11. Bxd7 Qxd7 12. Bxf6 Nxf6 13. Kd2 Rfe8
14. Rad1 c6 15. Kc1 d5 16. e5 Ng4 17. h3 Nh6 18. g4 a5 19. Na4 Ra7 20. Nc5 Qe7
21. Rde1 f6 22. Rhf1 Nf7 23. e6 Ng5 24. h4 Nh3 25. Qe3 b6 26. Nd3 c5 27. dxc5
f5 28. cxb6 Rb7 29. gxf5 Qxh4 30. Ne5 d4 31. Nf3 dxe3 32. Nxh4 Rxb6 33. Rxe3
Ng5 34. Nf3 Nxf3 35. Rfxf3 Reb8 36. b3 a4 37. e7 Kf7 38. bxa4 Rb1+ 39. Kd2 R1b7
40. e8=Q+ Rxe8 41. Rxe8 Kxe8 42. Rb3 Rd7+ 43. Kc3 h5 44. Kb4 h4 45. a5 h3 46.
Rxh3 Rb7+ 47. Kc5 Rc7+ 48. Kb6 Rxc2 49. a3 Rd2 50. a6 Rd6+ 51. Kb7 Rd7+ 52. Kc6
Rd8 53. a7 Rc8+ 54. Kb7 Rd8 55. a8=Q Rxa8 56. Kxa8 g5 57. fxg6 Kf8 58. a4 Kg7
59. Rg3 Kf6 60. Kb7 Kf5 61. g7 Kf6 62. g8=Q Kf5 63. Qe8 Kf4 64. Rg7 Kf5 65.
Rf7+ Kg6 66. Qg8+ Kh6 67. Rh7# 1-0

[Event "LEM Nachwuchs M-V u10 08.-12.02.2020"]
[Site "Aula Fleesenseeschule Malch"]
[Date "2020.02.11"]
[Round "5.8"]
[White "Wetzig, Karl Anton"]
[Black "Waschitzek, Sig"]
[Result "1-0"]
[WhiteElo "792"]
[BlackElo "773"]
[PlyCount "33"]
[EventDate "2020.02.11"]
[WhiteTeam "SF Schwerin"]
[BlackTeam "SG Neubrandenburg"]

1. e4 e5 2. Nf3 Nc6 3. d4 Bb4+ 4. c3 Ba5 5. Nbd2 Nf6 6. dxe5 Nxe5 7. Nxe5 O-O
8. Bd3 d6 9. Nec4 Bg4 10. Nf3 Bb6 11. Bb1 Bc5 12. Qc2 Bxf3 13. e5 dxe5 14. Nxe5
Qe8 15. O-O Qxe5 16. Bg5 Ng4 17. Qxh7# 1-0

[Event "LEM Nachwuchs M-V u10 08.-12.02.2020"]
[Site "Aula Fleesenseeschule Malch"]
[Date "2020.02.11"]
[Round "6.1"]
[White "Herrmann, Jakob"]
[Black "Zieske, Johann"]
[Result "1-0"]
[WhiteElo "1453"]
[BlackElo "822"]
[PlyCount "43"]
[EventDate "2020.02.11"]
[WhiteTeam "SAV Torgelow"]
[BlackTeam "ASV Wismar"]

1. e4 e5 2. Nf3 Nc6 3. d4 d6 4. Bb5 Bd7 5. Nc3 Be7 6. O-O Nf6 7. Re1 Bg4 8. d5
O-O 9. dxc6 bxc6 10. Bxc6 Rb8 11. b3 Qc8 12. Bb2 Nh5 13. Nd5 Qe6 14. h3 Bxh3
15. gxh3 Qxh3 16. Nxe7+ Kh8 17. Nd2 Nf4 18. Qf3 Qh4 19. Nf5 Qg5+ 20. Qg3 Nh3+
21. Kf1 Qh5 22. Qxg7# 1-0

[Event "LEM Nachwuchs M-V u10 08.-12.02.2020"]
[Site "Aula Fleesenseeschule Malch"]
[Date "2020.02.11"]
[Round "6.3"]
[White "Weinert, Karl"]
[Black "Gavrylyuk, Oleksandr"]
[Result "0-1"]
[WhiteElo "889"]
[BlackElo "779"]
[PlyCount "84"]
[EventDate "2020.02.11"]
[WhiteTeam "HSG Stralsund"]
[BlackTeam "TuS Makkabi Rostock"]

1. Nf3 c5 2. Nc3 e6 3. e4 a6 4. Ng5 Qxg5 5. d3 Qd8 6. e5 Nc6 7. Bf4 Qc7 8. Qe2
d6 9. g3 dxe5 10. Bg5 Be7 11. Be3 Nf6 12. g4 Nd4 13. Qd1 Qc6 14. Rg1 Nf3+ 15.
Ke2 Nxg1+ 16. Kd2 Qf3 17. Qe1 Qxg4 18. h3 Qh5 19. Rd1 O-O 20. Kc1 Nxh3 21. Be2
Qf5 22. Qf1 h6 23. Qg2 g5 24. Bg4 Nf4 25. Qg1 Qg6 26. Bf3 g4 27. Bh1 c4 28. Ne4
Ne2+ 29. Kd2 Nxg1 30. Rxg1 Nxe4+ 31. Bxe4 Qh5 32. d4 exd4 33. Bxd4 Rd8 34. c3
e5 35. Ke3 exd4+ 36. cxd4 Bg5+ 37. Ke2 g3+ 38. Kf1 Bh3+ 39. Ke1 gxf2+ 40. Kxf2
Rxd4 41. Bxb7 Rd2+ 42. Kg3 Qg4# 0-1

[Event "LEM Nachwuchs M-V u10 08.-12.02.2020"]
[Site "Aula Fleesenseeschule Malch"]
[Date "2020.02.11"]
[Round "6.4"]
[White "Eschrig, Immanuel"]
[Black "Asmussen, Henry"]
[Result "1-0"]
[WhiteElo "886"]
[BlackElo "1192"]
[PlyCount "59"]
[EventDate "2020.02.11"]
[WhiteTeam "Greifswalder SV"]
[BlackTeam "SG Jasmund"]

1. e4 e5 2. Nf3 Nc6 3. Nc3 Nf6 4. Bb5 Bc5 5. Nxe5 Nxe5 6. d4 Bb4 7. dxe5 c6 8.
exf6 Qxf6 9. Bd3 Bc5 10. Be3 Bxe3 11. fxe3 O-O 12. Qf3 Qh4+ 13. g3 Qg5 14. h4
Qc5 15. O-O-O d6 16. h5 h6 17. Qf4 Be6 18. a3 Rae8 19. g4 b5 20. b4 Qe5 21.
Qxe5 Bxg4 22. Qf4 Bxd1 23. Nxd1 d5 24. exd5 cxd5 25. Nf2 Re6 26. Qf5 g6 27.
hxg6 fxg6 28. Qxe6+ Rf7 29. Qg4 Rg7 30. Qc8+ 1-0

[Event "LEM Nachwuchs M-V u10 08.-12.02.2020"]
[Site "Aula Fleesenseeschule Malch"]
[Date "2020.02.12"]
[Round "7.2"]
[White "Stepanjan, Tatevik Mia"]
[Black "Eschrig, Immanuel"]
[Result "1-0"]
[WhiteElo "1110"]
[BlackElo "886"]
[PlyCount "153"]
[EventDate "2020.02.11"]
[WhiteTeam "ESV Wittenberge"]
[BlackTeam "Greifswalder SV"]

1. e4 e5 2. Nf3 Nc6 3. Bb5 a6 4. Ba4 Nf6 5. Nc3 Bb4 6. d3 O-O 7. O-O b5 8. Bb3
Bb7 9. Bg5 h6 10. Bh4 Qe7 11. Nd5 Nd4 12. Nxe7+ Kh8 13. Nxd4 exd4 14. Bxf6 gxf6
15. Nf5 Rg8 16. Nxh6 Rg7 17. Bxf7 Bf8 18. Qh5 Rh7 19. Bg6 Rxh6 20. Qg4 Bd6 21.
h3 Rg8 22. f4 Rgxg6 23. Qxd7 Rh7 24. Qf5 Rhg7 25. Qh5+ Kg8 26. g4 c5 27. Rae1
Kf7 28. f5 Bg3 29. fxg6+ Rxg6 30. Re2 Kg7 31. h4 Bxh4 32. Qxh4 Rh6 33. Qg3 c4
34. Qc7+ Kg6 35. Qxb7 cxd3 36. cxd3 b4 37. e5 fxe5 38. Qxa6+ Kg5 39. Rxe5+ Kxg4
40. Qc8+ Kg3 41. Qg8+ Kh4 42. Rf4+ Kh3 43. Qg3+ Kxg3 44. Rxd4 Rc6 45. Rg5+ Kf3
46. Rxb4 Rc1+ 47. Kh2 Rc2+ 48. Kh3 Rc1 49. Rf5+ Ke3 50. d4 Rh1+ 51. Kg4 Rg1+
52. Kh5 Ke4 53. Rf8 Rh1+ 54. Kg6 Rg1+ 55. Kf7 Kd5 56. Rd8+ Kc6 57. d5+ Kc7 58.
Ke7 Re1+ 59. Kf6 Rf1+ 60. Ke5 Re1+ 61. Re4 Rxe4+ 62. Kxe4 Kxd8 63. Ke5 Kd7 64.
a4 Kc8 65. a5 Kb8 66. d6 Kc8 67. a6 Kb8 68. d7 Kc7 69. a7 Kxd7 70. a8=Q Kc7 71.
Qd5 Kb6 72. b4 Kc7 73. Qd6+ Kb7 74. b5 Ka8 75. Qd7 Kb8 76. b6 Ka8 77. Qa7# 1-0

[Event "LEM Nachwuchs M-V u10 08.-12.02.2020"]
[Site "Aula Fleesenseeschule Malch"]
[Date "2020.02.12"]
[Round "7.3"]
[White "Zieske, Johann"]
[Black "Gavrylyuk, Oleksandr"]
[Result "1-0"]
[WhiteElo "822"]
[BlackElo "779"]
[PlyCount "33"]
[EventDate "2020.02.11"]
[WhiteTeam "ASV Wismar"]
[BlackTeam "TuS Makkabi Rostock"]

1. e4 c5 2. Bc4 a6 3. Nf3 e6 4. Nc3 Nc6 5. O-O Qc7 6. Be2 d6 7. d3 Be7 8. Be3
Nf6 9. Qd2 O-O 10. Bg5 h6 11. Bxh6 gxh6 12. Qxh6 Ng4 13. Qh5 e5 14. Nd5 Nf6 15.
Qg5+ Kh8 16. Nxf6 Rg8 17. Qxg8# 1-0

[Event "LEM Nachwuchs M-V u10 08.-12.02.2020"]
[Site "Aula Fleesenseeschule Malch"]
[Date "2020.02.12"]
[Round "7.4"]
[White "Wetzig, Karl Anton"]
[Black "Weinert, Karl"]
[Result "1-0"]
[WhiteElo "792"]
[BlackElo "889"]
[PlyCount "119"]
[EventDate "2020.02.11"]
[WhiteTeam "SF Schwerin"]
[BlackTeam "HSG Stralsund"]

1. e4 e5 2. Nf3 Nc6 3. d4 d6 4. Bc4 Nf6 5. O-O Nxe4 6. Nc3 Nxc3 7. bxc3 Be7 8.
dxe5 dxe5 9. Re1 Bf6 10. Bf4 Qe7 11. h3 O-O 12. Bb3 Re8 13. Re2 e4 14. Qd2 Bf5
15. Bg5 Rad8 16. Qc1 exf3 17. Rxe7 Bxc3 18. Bxf7+ Kf8 19. Rxe8+ Rxe8 20. Bxe8
Kxe8 21. Rb1 b6 22. Qe3+ Be5 23. Qxf3 Nd4 24. Qa8+ Kd7 25. Qd8+ Kc6 26. Re1 Bd6
27. Be7 Nb5 28. c4 Nd4 29. Rd1 Kc5 30. g4 Bc2 31. Re1 Nf3+ 32. Kf1 Nxe1 33.
Kxe1 Bb1 34. Bxd6+ cxd6 35. Qf8 Bxa2 36. Qxg7 Bb1 37. Kd1 Be4 38. Qxa7 Bf3+ 39.
Kd2 Bg2 40. Qxh7 Kxc4 41. Qc7+ Kd5 42. Qxb6 Bxh3 43. Kd3 Ke6 44. Kd4 Bg2 45. f4
Ke7 46. f5 Bh3 47. Kd5 Bg2+ 48. Kd4 Bh3 49. Kd5 Bg2+ 50. Kd4 Bh3 51. Qc7+ Kf6
52. Qxd6+ Kg5 53. Ke5 Kxg4 54. Qg6+ Kf3 55. f6 Bg4 56. f7 Kg3 57. f8=Q Kh4 58.
Kf4 Bh5 59. Qh8 Kh3 60. Qhxh5# 1-0

[Event "LEM Nachwuchs M-V u10 08.-12.02.2020"]
[Site "Aula Fleesenseeschule Malch"]
[Date "2020.02.12"]
[Round "7.5"]
[White "Asmussen, Henry"]
[Black "Quade, Felicia"]
[Result "0-1"]
[WhiteElo "1192"]
[BlackElo "772"]
[PlyCount "74"]
[EventDate "2020.02.11"]
[WhiteTeam "SG Jasmund"]
[BlackTeam "SF Schwerin"]

1. e4 e5 2. Nf3 Nc6 3. Nc3 Nf6 4. Bc4 Bb4 5. Ng5 Rf8 6. O-O h6 7. Nf3 d6 8. d3
Bg4 9. Nd5 Rc8 10. h3 Bh5 11. Nxf6+ Qxf6 12. Bd5 Bxf3 13. Qxf3 Qxf3 14. gxf3
Rb8 15. a3 Bc5 16. b4 Bd4 17. Rb1 Rg8 18. b5 Ne7 19. b6 axb6 20. a4 Nxd5 21.
exd5 c6 22. dxc6 bxc6 23. Ba3 Ke7 24. f4 exf4 25. Rbe1+ Kd7 26. Re4 c5 27. Rxf4
Rbf8 28. Re1 g5 29. Rfe4 Re8 30. Kf1 Rxe4 31. Rxe4 d5 32. Re2 g4 33. h4 g3 34.
Kg2 gxf2+ 35. Kh2 f1=Q 36. Rd2 Qg1+ 37. Kh3 Qg3# 0-1

[Event "LEM Nachwuchs M-V u10 08.-12.02.2020"]
[Site "Aula Fleesenseeschule Malch"]
[Date "2020.02.12"]
[Round "7.8"]
[White "Wilke, Ronja"]
[Black "König, Mio"]
[Result "1-0"]
[WhiteElo "729"]
[BlackElo "852"]
[PlyCount "93"]
[EventDate "2020.02.11"]
[WhiteTeam "SAV Torgelow"]
[BlackTeam "SG Neubrandenburg"]

1. e4 e5 2. Nf3 Nc6 3. Nc3 d6 4. Bc4 Nf6 5. d3 Bg4 6. Bg5 Be7 7. O-O Nd4 8. Nd5
c6 9. Nxe7 Qxe7 10. c3 Nxf3+ 11. gxf3 Bh3 12. Re1 h6 13. Kh1 hxg5 14. Rg1 Nh5
15. Qd2 g4 16. fxg4 Nf4 17. g5 Qd7 18. Qd1 Rh4 19. f3 Bf1 20. Qxf1 O-O-O 21.
Qf2 Qh3 22. Bxf7 Rdh8 23. Rg2 Nxg2 24. Be6+ Qxe6 25. Qxg2 Qg6 26. Kg1 Rxh2 27.
Qxh2 Qxg5+ 28. Kh1 Qh5 29. Qxh5 Rxh5+ 30. Kg1 g5 31. d4 Rh4 32. Kg2 g4 33. fxg4
Rxg4+ 34. Kf3 Rf4+ 35. Ke3 c5 36. dxe5 dxe5 37. Rh1 c4 38. Rh8+ Kc7 39. Rh7+
Kd6 40. Rh6+ Kc5 41. Rh5 Kd6 42. Rh8 b5 43. Rd8+ Kc5 44. Rd5+ Kc6 45. Rxe5 Rh4
46. Re6+ Kc5 47. b4+ 1-0